000 00980nam a2200337 a 4500
003 AR-BaBNM
005 20251128204235.0
008 082120s2002 ||||||||||||||000 | spa||
020 _a950-25-1503-X
040 _cAR-BaBNM
100 1 _aGrillo, Oscar Jorge
245 0 0 _aArticulación entre sectores urbanos populares y el Estado local
_bel caso del barrio de la Boca
260 _aBuenos Aires
_bCentro Editor de América Latina
_c1988
300 _a141 p.
_btablas
490 0 _aBiblioteca política Argentina
_vv. 234
504 _aBibliografía en p. 137-141
650 4 _aHISTORIA ARGENTINA
650 4 _aPOLITICA
650 4 _aDEMOCRATIZACION
650 4 _aCIUDADES
650 4 _aPOBLACION URBANA
650 4 _aGOBIERNO MUNICIPAL
650 4 _aBARRIOS
650 4 _aCLASE MEDIA
650 4 _aCLASE BAJA
651 4 _aBuenos Aires [Capital Federal]
651 4 _aArgentina
800 1 _aTroncoso, Oscar
_edirector
942 _cBK
998 _cenrique
999 _c6673
_d6673